Exploring science 3

Bibliographic Details
Format: Book
Published: Essex : Pearson Education , 2002
Subjects:

MARC

LEADER 00000cam a2200000 7i4500
001 0000036700
005 20130628.0
008 130628
020 |a 0582403642 
090 0 0 |a 500   |b EXP 
245 1 0 |a Exploring science 3   |c Mark Levesley ...[et.al.] 
260 |a Essex :   |b Pearson Education ,   |c 2002 
650 0 |a Science   |x Juvenile literature 
999 |a 0001227165   |b Book   |c Adult Collection   |e Perbadanan Perpustakaan Awam Johor